| 000 | 00889nam a2200253 a 4500 | ||
|---|---|---|---|
| 001 | 12183862 | ||
| 008 | 150331s2000 ||||||||||||||||| || u | ||
| 010 | _a00049533 | ||
| 020 | _a0821347780 | ||
| 050 | _aIBRD(06)CS/2000/4 | ||
| 100 | _aCorreia, Maria | ||
| 245 | 1 | 0 | _aEcuador gender review : issues and recommendations. |
| 260 |
_aWashington, D.C. _bWorld Bank _c2000 |
||
| 300 | _axv, 81 p. | ||
| 490 | _aWorld Bank Country Study | ||
| 500 | _aIncludes bibliographical references | ||
| 650 | _aWOMEN IN DEVELOPMENT--ECUADOR | ||
| 650 | _aWOMEN IN AGRICULTURE--ECUADOR | ||
| 650 | _aWOMEN--EDUCATION--ECUADOR | ||
| 650 | _aWOMEN--HEALTH AND HYGIENE--ECUADOR | ||
| 700 | _aBronkhorst, Bernice van | ||
| 710 | _aWorld Bank | ||
| 995 |
_FCBU-MAIN LIBRARY (Kitwe) _M1 _UAVAILABLE _WMar 31, 2015 _ZInternational Publications |
||
| 999 |
_c41107 _d41107 |
||